000 00457nam a22001817a 4500
003 MPLRDC
005 20220104124206.0
008 210129b ||||| |||| 00| 0 eng d
020 _a957-9431-60-4
082 _a781 LZP
100 _a刘志平 撰
245 _a隐形的钻百: 世界名人小传
_c
260 _a
_b满庭芳出版社
_c1992
300 _b
490 _a世界名人小传
650 _a世界名人合传
942 _cBK
_o781 LZP
999 _c17360
_d17350